| 000 -LEADER |
| fixed length control field |
00995pab a2200169 454500 |
| 008 - FIXED-LENGTH DATA ELEMENTS--GENERAL INFORMATION |
| fixed length control field |
180718b2000 xxu||||| |||| 00| 0 eng d |
| 100 ## - MAIN ENTRY--PERSONAL NAME |
| Personal name |
Ahluwalia, Sanjeev S. |
| 245 ## - TITLE STATEMENT |
| Title |
Power tariff reform in India |
| 260 ## - PUBLICATION, DISTRIBUTION, ETC. |
| Date of publication, distribution, etc. |
2000 |
| 300 ## - PHYSICAL DESCRIPTION |
| Extent |
p.3407-419 |
| 362 ## - DATES OF PUBLICATION AND/OR SEQUENTIAL DESIGNATION |
| Dates of publication and/or sequential designation |
16 Sep |
| 520 ## - SUMMARY, ETC. |
| Summary, etc. |
Four precepts sustain the tariff philosophy driving power sector reforms in India: (1) The cost of service methodology is the most appropriate for the determination of tariffs. (2) Efficiency gains can neutralise the need for realignment of tariffs to efficient levels. (3) The developer must share the burden of adjustment under the reform process. (4) The burden of subsidies on public finance can decrease through reforms. This paper assesses the historical imperatives of these precepts and examines their validity in the light of recent experience with reforms. - Reproduced |
| 650 ## - SUBJECT ADDED ENTRY--TOPICAL TERM |
| Topical term or geographic name entry element |
Power industry - India |
| 650 ## - SUBJECT ADDED ENTRY--TOPICAL TERM |
| Topical term or geographic name entry element |
Power industry |
| 773 ## - HOST ITEM ENTRY |
| Main entry heading |
Economic and Political Weekly |
| 909 ## - |
| -- |
46216 |